[Event "Mumbai Transganization op"]
[Site "Mumbai"]
[Date "2024.01.25"]
[Round "1"]
[White "Amber, Gangwal"]
[Black "Vishal, G Patvardhan"]
[Result "1-0"]
[WhiteElo "1118"]
[BlackElo "1425"]
[PlyCount "75"]
[EventDate "2024.01.25"]
[EventType "swiss"]
[EventRounds "8"]
[EventCountry "IND"]
[SourceTitle "CB06_2024"]
[SourceDate "2024.02.07"]
[SourceVersion "1"]
[SourceVersionDate "2024.02.07"]
[SourceQuality "1"]

1. d4 Nf6 2. Bf4 g6 3. Nc3 d5 4. Nb5 Na6 5. e3 Bg7 6. Nf3 0-0 7. Bd3 Bg4 8. h3 Bd7 9. Nc3 Nb4 10. 0-0 Nxd3 11. cxd3 a6 12. e4 Bc6 13. Re1 e6 14. Qd2 b5 15. Ne5 Bb7 16. Rac1 Rc8 17. a3 c6 18. Nf3 Ne8 19. Ne2 Nd6 20. Ng3 dxe4 21. dxe4 Nc4 22. Qe2 Qf6 23. Bg5 Qxg5 24. Nxg5 Bxd4 25. Nf3 Bg7 26. e5 c5 27. Rxc4 bxc4 28. Qxc4 Rfd8 29. Ne4 Rc7 30. Nd6 Bd5 31. Qxa6 Rb8 32. Ng5 Rxb2 33. Ne8 Rc6 34. Qa8 Bf8 35. Nf6+ Kg7 36. Qa7 Kh6 37. Nxf7+ Kg7 38. Nh8+ 1-0